[Event "43rd TCh-ITA 2011"]
[Site "Spoleto ITA"]
[Date "2011.04.28"]
[Round "2"]
[White "Laketic,G"]
[Black "Caprio,G"]
[Result "0-1"]
[WhiteElo "2452"]
[BlackElo "2299"]

1.d4 Nf6 2.Nf3 e6 3.c4 Bb4+ 4.Nbd2 b6 5.g3 Bb7 6.Bg2 c5 7.a3 Bxd2+ 8.Qxd2 Nc6
9.dxc5 bxc5 10.O-O Qb6 11.b4 cxb4 12.Qg5 O-O 13.Bb2 Ne8 14.axb4 Nxb4 15.Qb5 Nd6
16.Qxd7 Rfd8 17.Qa4 Nxc4 18.Bd4 Rxd4 19.Rfb1 Bxf3 20.Rxb4 Nb2 21.Rxb6 Rxa4  0-1

[Event "Sydney International Open"]
[Site "Sydney AUS"]
[Date "2011.04.30"]
[Round "8"]
[White "Smirnov,Vl1"]
[Black "Ansell,A"]
[Result "1-0"]
[WhiteElo "2395"]
[BlackElo "2035"]

1.d4 Nf6 2.Nf3 e6 3.c4 Bb4+ 4.Nbd2 b6 5.a3 Bxd2+ 6.Bxd2 h6 7.Bf4 Bb7 8.h3 d6
9.e3 Nbd7 10.Be2 O-O 11.O-O Qe7 12.Bh2 Ne4 13.Ne1 f5 14.f3 Nef6 15.Bd3 Rad8
16.Qd2 Ne8 17.Bc2 d5 18.cxd5 exd5 19.Nd3 Nd6 20.b3 Rc8 21.Nf4 Rfe8 22.Rfe1 Qf7
23.Rac1 Red8 24.Nd3 Qe6 25.Bb1 Nf6 26.Ne5 c5 27.Ba2 Kh7 28.Nd3 c4 29.Ne5 b5
30.Qb4 Nfe8 31.Bb1 Kg8 32.Bg3 Ra8 33.Qa5 Rdc8 34.Kh2 a6 35.bxc4 bxc4 36.Bc2 Nb5
37.a4 Nbd6 38.Rb1 Qe7 39.Rb6 Ra7 40.Reb1 c3 41.Qb4 a5 42.Qa3 Rd8 43.Qxc3 Rc8
44.Qd2 Nc4 45.Nxc4 dxc4 46.Bxf5 Rd8 47.Qc2 Qxe3 48.Rxb7 Rxb7 49.Rxb7 Rxd4
50.Rb8 c3 51.Bg6  1-0

[Event "Thessaloniki Open A"]
[Site "Thessaloniki GRE"]
[Date "2011.05.01"]
[Round "9.2"]
[White "Pavlidis,Ana"]
[Black "Antic,De"]
[Result "1/2-1/2"]
[WhiteElo "2321"]
[BlackElo "2488"]

1.d4 e6 2.c4 Nf6 3.Nf3 Bb4+ 4.Nbd2 O-O 5.a3 Be7 6.e4 d5 7.e5 Nfd7 8.b4 a5
9.b5 c5 10.cxd5 exd5 11.Bd3 cxd4 12.Qc2 h6 13.Nb3 a4 14.Nbxd4 Nc5 15.O-O Nxd3
16.Qxd3 Nd7 17.Be3 Nc5 18.Qc2 Bg4 19.h3 Bh5 20.Nf5 Nb3 21.Rad1 Bxa3 22.Qa2 Bb4
23.g4 Bg6 24.N3d4 Bxf5 25.gxf5 Bc3 26.Nxb3 axb3 27.Qxb3 Bxe5 28.Rxd5 Qe7
29.Rfd1 Rfe8 30.Qc4 h5 31.Kg2 Qf6 32.Qe4 Bc7 33.Qf3 Ra2 34.b6 Bxb6 35.Bxb6 Qxb6
36.f6 g6 37.Rxh5 Ree2 38.Rf5 Rxf2+ 39.Qxf2 Qc6+ 40.Kg1 Rxf2 41.Rxf2 Kh7 42.Rd3 g5
43.Rg3 Kh6 44.Rff3 Qd5 45.Kg2 Kh5 46.Kg1 b5 47.Kf2 Qd2+ 48.Kg1 b4 49.Kf1 Qb2
50.Kg1 Qd4+ 51.Kg2 Kg6 52.Kh1  1/2-1/2

[Event "29th Metz Open A"]
[Site "Longeville-les-Metz FRA"]
[Date "2011.05.02"]
[Round "1.17"]
[White "Maloberti,D"]
[Black "Venkatesh,M"]
[Result "0-1"]
[WhiteElo "2111"]
[BlackElo "2463"]

1.d4 Nf6 2.c4 e6 3.Nf3 Bb4+ 4.Nbd2 b6 5.a3 Bxd2+ 6.Qxd2 Bb7 7.e3 d6 8.b4 O-O
9.Bb2 Nbd7 10.Be2 Ne4 11.Qc2 Qe7 12.O-O f5 13.Bd3 Rf6 14.d5 Rg6 15.Bxe4 fxe4
16.Qxe4 Re8 17.Rad1 Qf8 18.Qf4 exd5 19.cxd5 Qxf4 20.exf4 Re2 21.Ba1 Nf6 22.Bxf6 Rxf6
23.g3 Ra2 24.Rfe1 h6 25.Re7 Rf7 26.Rxf7 Kxf7 27.Rd3 Ba6 28.Re3 Bc4 29.Nd4 Rd2
30.Nf5 Bxd5 31.f3 h5 32.h3 g6 33.Ne7 c5 34.Nc8 Be6 35.Nxa7 c4 36.Nc6 Bxh3
37.a4 d5 38.a5 bxa5 39.bxa5 Rg2+ 40.Kh1 Ra2 41.Kg1 Kf6 42.Re5 c3 43.Nb4 Rg2+
44.Kh1 c2 45.Nxd5+ Kg7 46.Re7+ Kh6 47.Re1 Rd2 48.Ne3 Bg2+ 49.Kg1 Bxf3 50.a6 Re2
51.Nxc2 Rxc2 52.Re7 Ra2 53.a7 h4 54.gxh4 Kh5 55.Rg7 Be4 56.Re7 Bf5  0-1

[Event "29th Metz Open A"]
[Site "Longeville-les-Metz FRA"]
[Date "2011.05.06"]
[Round "7.7"]
[White "Malakhatko,V"]
[Black "Nguyen Chi Minh"]
[Result "1-0"]
[WhiteElo "2546"]
[BlackElo "2381"]

1.d4 Nf6 2.c4 e6 3.Nf3 Bb4+ 4.Nbd2 O-O 5.g3 d5 6.Bg2 dxc4 7.Qc2 Nc6 8.Qxc4 Qd5
9.O-O Bxd2 10.Qxd5 exd5 11.Bxd2 Re8 12.e3 Ne4 13.Rfc1 a5 14.Be1 Re7 15.Nd2 Nf6
16.Nb3 Bf5 17.a4 Bd7 18.Bf1 b6 19.Bb5 Nd8 20.Rxc7 Ne6 21.Rb7 Bxb5 22.Rxe7 Bc6
23.Nd2 Kf8 24.Rc1 Kxe7 25.Rxc6 Rb8 26.Nf3 Ne4 27.Ne5 f6 28.Nd3 b5 29.Bxa5 bxa4
30.Bb4+ Kd7 31.Ra6 Rc8 32.f3  1-0

[Event "ch-UKR semi-final"]
[Site "Alushta UKR"]
[Date "2011.05.08"]
[Round "6.54"]
[White "Arkhipov,Vl1"]
[Black "Kotliar,Alexey"]
[Result "1-0"]
[WhiteElo "2152"]
[BlackElo "1930"]

1.d4 Nf6 2.c4 e6 3.Nf3 Bb4+ 4.Nbd2 Ne4 5.a3 Nxd2 6.Nxd2 Bxd2+ 7.Bxd2 b6 8.e4 Bb7
9.Qg4 Qf6 10.Bc3 Qg6 11.Qxg6 hxg6 12.d5 f6 13.Bd3 e5 14.O-O-O d6 15.h4 Nd7
16.b4 O-O-O 17.Bd2 Rdf8 18.Be3 f5 19.f3 f4 20.Bf2 Rh5 21.Be2 g5 22.g4 fxg3
23.Bxg3 gxh4 24.Rxh4 Rxh4 25.Bxh4 Rh8 26.Bg3 Nf6 27.Rg1 Kd8 28.Kd2 Ke8 29.c5 g5
30.Ke3 Bc8 31.cxd6 cxd6 32.Rc1 Kd8 33.Rc6 Ne8 34.Be1 Bd7 35.Rc1 b5 36.Bd2 Nf6
37.Rg1 g4 38.Kf2 Rh2+ 39.Ke1 gxf3 40.Bxf3 Kc7 41.Rg7 Kc8 42.Rg6 Ne8 43.Rg8 Kc7
44.Rf8 a6 45.Rf7 Kc8 46.Be3 Rh8 47.Kf2 Rh2+ 48.Kg3 Rh3+ 49.Kg2 Rh8 50.Bb6 Rg8+
51.Kf2 Rg7 52.Rxg7 Nxg7 53.Kg3 Kb7 54.Ba5 Kc8 55.Kh4 Be8 56.Kg5 Kd7 57.Kh6 Ne6
58.Bg4 Bf7 59.dxe6+ Bxe6 60.Kg5  1-0

[Event "ch-Euro Indiv Women"]
[Site "Tbilisi GEO"]
[Date "2011.05.10"]
[Round "4"]
[White "Javakhishvili,L"]
[Black "Kovanova,B"]
[Result "1/2-1/2"]
[WhiteElo "2454"]
[BlackElo "2361"]

1.d4 Nf6 2.c4 e6 3.Nf3 Bb4+ 4.Nbd2 b6 5.a3 Bxd2+ 6.Qxd2 Bb7 7.e3 a5 8.b3 O-O
9.Be2 d6 10.O-O Nbd7 11.Bb2 Qe7 12.Rad1 e5 13.d5 b5 14.Qc2 bxc4 15.bxc4 Nc5
16.Nd2 c6 17.e4 Rfc8 18.Rfe1 Ba6 19.Bf1 Rab8 20.Bc3 Qa7 21.h3 Qc7 22.f4 cxd5
23.fxe5 Nfxe4 24.Nxe4 Nxe4 25.Rxd5 Nxc3 26.Qxc3 dxe5 27.Rdxe5 h6 28.Qxa5 Qxa5
29.Rxa5 Bxc4 30.Ra7 Bxf1 31.Rxf1 Rf8 32.a4 Rb2 33.a5 Ra2 34.a6 g6 35.Rf2 Ra3
36.Re2 Kg7 37.Kf2 g5 38.Re3 Ra2+ 39.Re2 Ra3 40.Re3 Ra2+ 41.Kf3 Kg6 42.Re2  1/2-1/2

[Event "ch-UKR semi-final"]
[Site "Alushta UKR"]
[Date "2011.05.11"]
[Round "9.54"]
[White "Lomakin,V"]
[Black "Shulga,J"]
[Result "1-0"]
[WhiteElo "2095"]
[BlackElo "2255"]

1.d4 Nf6 2.c4 e6 3.Nf3 Bb4+ 4.Nbd2 b6 5.a3 Bxd2+ 6.Bxd2 Bb7 7.Bg5 h6 8.Bh4 d6
9.e3 g5 10.Bg3 Ne4 11.Nd2 Nxg3 12.hxg3 Nd7 13.Qa4 c5 14.d5 Qe7 15.O-O-O a6
16.e4 O-O-O 17.Be2 Kc7 18.g4 Ne5 19.g3 Qf6 20.Rhf1 Qg6 21.f3 f5 22.gxf5 exf5
23.f4 gxf4 24.gxf4 Nd7 25.Bd3 fxe4 26.Nxe4 Qf7 27.b4 Nf6 28.bxc5 bxc5 29.Ng3 Qd7
30.Qa5+ Kb8 31.Nf5 Qc7 32.Qc3 Ng4 33.Rde1 Rhe8 34.Ng7 Rxe1+ 35.Rxe1 Qf7 36.Nf5 Rd7
37.Re6 Qf8 38.Qa5 Nf2 39.Bc2 Nh3 40.Rxh6 Nxf4 41.Qd2 Nxd5 42.cxd5 Qg8 43.Re6 Qh8
44.Kb1 Qh1+ 45.Re1 Qxd5 46.Qxd5 Bxd5 47.Rd1 Be6 48.Nxd6 Kc7 49.Ne4 Rxd1+
50.Bxd1 Bf5 51.Bc2 Kb6 52.Kb2 Be6 53.Kc3 Bd5 54.Nd6 Be6 55.Nc4+ Kc7 56.Be4 Bd7
57.Kb3 Be8 58.Bd5 Bd7 59.a4 a5 60.Nxa5 Bxa4+ 61.Kxa4 c4 62.Nxc4 Kd7 63.Kb4 Ke7
64.Kc5 Kf6 65.Kd4 Kf5 66.Ne5 Kf6 67.Ke4 Kg5 68.Nc4 Kf6 69.Kf4 Kg6 70.Nd6 Kf6
71.Ne4+ Kg6 72.Be6 Kh6 73.Kf5 Kg7 74.Nf6 Kh6 75.Bf7 Kg7 76.Bg6 Kh6 77.Nd5 Kg7
78.Kg5 Kg8 79.Kf6 Kh8 80.Nf4 Kg8 81.Ne6 Kh8 82.Ng5 Kg8 83.Nf7 Kf8 84.Bh7 Ke8
85.Ne5 Kd8 86.Ke6 Kc7 87.Nd7 Kc6 88.Bd3 Kc7 89.Bb5 Kd8 90.Nf6 Kc7 91.Nd5+ Kd8
92.Kf7 Kc8 93.Ke7 Kb8 94.Kd8 Kb7 95.Kd7 Kb8 96.Ba6 Ka7 97.Bc8 Kb8 98.Kd8 Ka8
99.Kc7 Ka7 100.Ne7  1-0

[Event "FSGM May"]
[Site "Budapest HUN"]
[Date "2011.05.13"]
[Round "8.2"]
[White "Sachdev,T"]
[Black "Manca,F"]
[Result "1/2-1/2"]
[WhiteElo "2416"]
[BlackElo "2399"]

1.d4 Nf6 2.c4 e6 3.Nf3 Bb4+ 4.Nbd2 d5 5.Qa4+ Nc6 6.a3 Be7 7.e3 O-O 8.Qc2 b6
9.cxd5 Qxd5 10.Bd3 Bb7 11.e4 Qh5 12.Nf1 Qa5+ 13.Bd2 Nb4 14.axb4 Qxa1+ 15.Ke2  1/2-1/2

[Event "ch-CZE w GpA"]
[Site "Pardubice CZE"]
[Date "2011.05.15"]
[Round "3"]
[White "Kubikova,H"]
[Black "Blazkova,P"]
[Result "1/2-1/2"]
[WhiteElo "2178"]
[BlackElo "2205"]

1.d4 e6 2.c4 Nf6 3.Nf3 Bb4+ 4.Nbd2 O-O 5.g3 c5 6.Bg2 cxd4 7.Nxd4 Nc6 8.Nxc6 bxc6
9.O-O d5 10.Qa4 Qb6 11.Nf3 Bd6 12.Be3 c5 13.Qc2 Rb8 14.Rab1 dxc4 15.b4 cxb3
16.Rxb3 Qc7 17.Rxb8 Qxb8 18.Bxc5 Qc7 19.Rc1 Ba6 20.Bxd6 Qxd6 21.e3 h6 22.Rd1 Qa3
23.Nd4 Nd5 24.Qb3 Qc5 25.h3 Rc8 26.Kh2 Bc4 27.Qb2 Nb4 28.Nb3 Qb6 29.Rd7 Nd5
30.Qa3 a6 31.Qd6 Qxd6 32.Rxd6 Nb4 33.a3 Nc2 34.Na5 Bb5 35.a4 Bxa4 36.Rxa6 Ne1
37.Ra8 Rxa8 38.Bxa8 Nd3 39.Kg1 f6 40.Nc6 Kf7 41.Nd4 g5 42.Bc6 Bxc6 43.Nxc6 e5
44.Kf1 h5 45.Ke2 Nc5 46.f3 Ke6 47.e4 Kd6 48.Nb4 Ne6 49.Ke3 Nd4 50.Nd5 Ke6  1/2-1/2

[Event "ch-Euro Indiv Women"]
[Site "Tbilisi GEO"]
[Date "2011.05.15"]
[Round "8"]
[White "Khurtsidze,N"]
[Black "Kosintseva,N"]
[Result "1/2-1/2"]
[WhiteElo "2436"]
[BlackElo "2567"]

1.d4 Nf6 2.c4 e6 3.Nf3 Bb4+ 4.Nbd2 O-O 5.a3 Be7 6.e4 d5 7.Bd3 c5 8.dxc5 dxe4
9.Nxe4 Nxe4 10.Bxe4 Qxd1+ 11.Kxd1 a5 12.Be3 f5 13.Bc2 Nd7 14.Ke2 a4 15.Rad1 Nxc5
16.Bxc5 Bxc5 17.Ne5 b6 18.Rhe1 g6 19.f4 Re8 20.Kd2 Bb7 21.g3 Bd4 22.Kc1 Red8
23.Kb1 Rd6 24.Re2 Rad8 25.Rde1 Ra8 26.Rd1 Rad8 27.Rde1 Ra8 28.Rd1  1/2-1/2

[Event "ch-CZE"]
[Site "Pardubice CZE"]
[Date "2011.05.16"]
[Round "5"]
[White "Stocek,J"]
[Black "Polak,T"]
[Result "1/2-1/2"]
[WhiteElo "2600"]
[BlackElo "2526"]

1.d4 Nf6 2.Nf3 e6 3.c4 Bb4+ 4.Nbd2 b6 5.e3 Bb7 6.Bd3 c5 7.a3 Bxd2+ 8.Bxd2 d6
9.O-O Nbd7 10.Bc3 O-O 11.b4 Qe7 12.Nd2 Rac8 13.Rc1 Rfd8 14.Qb3 Ba8 15.Rfd1 h6
16.Qb1 Rc7 17.h3 Rcc8 18.Bf1 Bc6 19.Qb3 Ba8 20.Bb2 Nf8 21.a4 N8d7 22.Qa3 Rb8
23.Bc3 Qf8 24.a5 cxd4 25.Bxd4 e5 26.Bc3 d5 27.axb6 axb6 28.cxd5 Nxd5 29.Nc4 Nxc3
30.Qxc3 Rbc8 31.Qb2 Qe7 32.Rd2 Rc7 33.Nd6 Rxc1 34.Qxc1 Nf8 35.Qd1 Ne6 36.Bc4 Qg5
37.g3 Qf6 38.Bd5 Rxd6 39.Bxa8 Rxd2 40.Qxd2 Qe7 41.Bd5 Nc7 42.Bc4 g6 43.Qd3  1/2-1/2

[Event "ch-KAZ 2011"]
[Site "Astana KAZ"]
[Date "2011.05.24"]
[Round "9"]
[White "Temirbayev,S"]
[Black "Kuderinov,K"]
[Result "0-1"]
[WhiteElo "2407"]
[BlackElo "2480"]

1.d4 Nf6 2.c4 e6 3.Nf3 Bb4+ 4.Nbd2 O-O 5.a3 Be7 6.e4 d6 7.Bd3 Nbd7 8.O-O e5
9.d5 Nc5 10.Bc2 a5 11.b3 Bg4 12.Bb2 c6 13.b4 axb4 14.axb4 Rxa1 15.Qxa1 Na6
16.Bc3 cxd5 17.exd5 Qc8 18.Bb3 b5 19.c5 dxc5 20.Nxe5 Nxb4 21.Bxb4 cxb4 22.Nc6 Bd6
23.Re1 Re8 24.Nf1 Bd7 25.Rc1 Qa8 26.Qd4 Qa3 27.Qd1 Ne4 28.Ra1 Qb2 29.Ra2 Qf6
30.Qf3 Qxf3 31.gxf3 Ng5 32.Ne3 Nxf3+ 33.Kg2 Nh4+ 34.Kg1 g6 35.Ra5 Bh3 36.Nd4 Bc5
37.Ndc2 Re5  0-1

[Event "Zonal 3.3"]
[Site "Tagaytay City PHI"]
[Date "2011.05.25"]
[Round "3"]
[White "Laylo,D"]
[Black "Nguyen Van Huy"]
[Result "1-0"]
[WhiteElo "2516"]
[BlackElo "2454"]

1.d4 Nf6 2.c4 e6 3.Nf3 Bb4+ 4.Nbd2 b6 5.g3 Bb7 6.Bg2 O-O 7.O-O d5 8.cxd5 Bxd5
9.Qc2 Nbd7 10.e4 Bb7 11.e5 Nd5 12.Ne4 h6 13.Neg5 hxg5 14.Nxg5 g6 15.Nxe6 Qe8
16.Nf4 Nxf4 17.Bxb7 Ne6 18.Bh6 Rb8 19.Bd5 c6 20.Qxc6 Rc8 21.Qa4 Nxd4 22.Bxf8 Nxf8
23.Qxb4 Qxe5 24.Rad1 Ne2+ 25.Kg2 Rc2 26.Bb3 Rxb2 27.Rd8 Qc5 28.Bxf7+  1-0

[Event "ch-Siberia Women"]
[Site "Barnaul RUS"]
[Date "2011.05.26"]
[Round "7"]
[White "Cheremnova,T"]
[Black "Avdeenko,T"]
[Result "0-1"]
[WhiteElo "2227"]
[BlackElo "2175"]

1.d4 Nf6 2.c4 e6 3.Nf3 Bb4+ 4.Nbd2 O-O 5.g3 d6 6.Bg2 Nbd7 7.O-O Bxd2 8.Bxd2 Ne4
9.Bc1 f5 10.b3 Qe7 11.Bb2 b6 12.Qc2 Bb7 13.Rad1 Ndf6 14.Ne1 a5 15.Nd3 c5
16.f3 Ng5 17.e3 Bc6 18.Nf4 a4 19.Qc3 axb3 20.axb3 Rfe8 21.d5 exd5 22.cxd5 Bd7
23.Rfe1 Nf7 24.e4 fxe4 25.Rxe4 Ne5 26.Ree1 Qf7 27.Ne6 Nxd5 28.Rxd5 Qxe6 29.Rdd1 Qf7
30.f4 Nc6 31.Rxd6 Nd4 32.Rxd4 cxd4 33.Qxd4 Ra7 34.Bd5 Be6 35.Rxe6 Rxe6 36.Qc4 Rae7
37.Be5 Qf5 38.Qc8+ Kf7 39.Kg2 Kg6 40.Qc4 Rxe5 41.fxe5 Rxe5 42.Qc6+ Qf6 43.Qc2+ Kh6
44.Bf3 Re3 45.Be4 Qc3 46.Qxc3 Rxc3 47.Bd5 Rc2+ 48.Kf3 Rxh2 49.Kf4 Re2 50.g4 g6
51.Be4 Rxe4+  0-1

[Event "TCh-FRA Top 12 2011"]
[Site "Mulhouse FRA"]
[Date "2011.05.26"]
[Round "1.4"]
[White "Song,Ju"]
[Black "Sokolov,And1"]
[Result "0-1"]
[WhiteElo "2325"]
[BlackElo "2573"]

1.d4 Nf6 2.c4 e6 3.Nf3 Bb4+ 4.Nbd2 b6 5.e3 Bb7 6.Bd3 c5 7.O-O cxd4 8.exd4 O-O
9.a3 Be7 10.b3 d5 11.Qe2 Nbd7 12.Bb2 Rc8 13.Rad1 Rc7 14.Ne5 dxc4 15.bxc4 Nxe5
16.Qxe5 Rd7 17.Rfe1 g6 18.d5 Bxd5 19.cxd5 Rxd5 20.Qe2 Rxd3 21.Ne4 Rd5 22.Rxd5 Nxd5
23.Qd2 f6 24.g4 e5 25.Qh6 Qc8 26.g5 Qg4+ 27.Kf1 Nf4 28.Ng3 Qf3 29.Re3 Rd8  0-1

[Event "ch-UZB Major"]
[Site "Tashkent UZB"]
[Date "2011.05.26"]
[Round "6"]
[White "Gubaydulin,T"]
[Black "Kasyan,A"]
[Result "1/2-1/2"]
[WhiteElo "2301"]
[BlackElo "2340"]

1.d4 Nf6 2.c4 e6 3.Nf3 Bb4+ 4.Nbd2 O-O 5.a3 Be7 6.e3 c5 7.dxc5 a5 8.Bd3 Na6
9.b3 Nxc5 10.Bc2 b6 11.Bb2 d5 12.O-O Bb7 13.Qe2 dxc4 14.Nxc4 Ba6 15.a4 Nd5
16.Rfd1 Qc7 17.Nd4 Bf6 18.Rac1 g6 19.e4 Nf4 20.Qf3 Bxc4 21.bxc4 e5 22.Nb5 Qe7
23.Rd6 Rab8 24.Rcd1 Bg7 25.Ba3 Nfe6 26.R6d5 Rfd8 27.Bb2 Nf4 28.Rd6 Rxd6 29.Rxd6 Rd8
30.Qd1 Rxd6 31.Qxd6 Qxd6 32.Nxd6  1/2-1/2

[Event "TCh-FRA Top 12 2011"]
[Site "Mulhouse FRA"]
[Date "2011.05.27"]
[Round "2.7"]
[White "Collas,D"]
[Black "Genzling,A"]
[Result "0-1"]
[WhiteElo "2381"]
[BlackElo "2395"]

1.d4 Nf6 2.Nf3 e6 3.c4 Bb4+ 4.Nbd2 b6 5.a3 Bxd2+ 6.Qxd2 Bb7 7.e3 d6 8.b3 Nbd7
9.Bb2 Qe7 10.Be2 O-O 11.O-O Ne4 12.Qc2 f5 13.Ne1 Qg5 14.Qc1 Qh4 15.f3 Nef6
16.Nc2 Rae8 17.Qe1 Qh6 18.Bd3 g6 19.b4 e5 20.dxe5 Nxe5 21.Qc3 Qh4 22.Be2 f4
23.e4 Nfd7 24.Nd4 Rf6 25.Rfd1 a6 26.a4 c5 27.Nc2 g5 28.h3 g4 29.hxg4 Rh6
30.Bf1 Qh2+ 31.Kf2 Nf6 32.Re1 Qg3+ 33.Ke2 Rh2 34.Kd1 Qf2 35.Kc1 Rh1 36.Be2 Qxg2
37.Rxh1 Qxh1+ 38.Qe1 Qxe1+ 39.Nxe1 cxb4 40.a5 Nfd7 41.axb6 Rc8 42.Ra4 Nc6
43.Ra1 Nxb6 44.Ng2 Ne5 45.Nxf4 Nbxc4 46.Bxe5 dxe5 47.Nd3 a5 48.Kc2 Ba6 49.Kb3 Nd2+
50.Kb2 b3 51.Rd1 Rc2+  0-1

[Event "e2e4 Sunningdale Open"]
[Site "Ascot ENG"]
[Date "2011.05.30"]
[Round "6"]
[White "Bonafont,P"]
[Black "Norinkeviciute,R"]
[Result "1/2-1/2"]
[WhiteElo "2135"]
[BlackElo "2012"]

1.d4 Nf6 2.Nf3 e6 3.c4 Bb4+ 4.Nbd2 Nc6 5.e3 O-O 6.Bd3 d6 7.O-O Bxd2 8.Bxd2 e5
9.dxe5 dxe5 10.Qc2 Qe7 11.Bc3 a5 12.a3 Re8 13.Nd2 h6 14.f3 Nd7 15.Ne4 Nc5
16.Nxc5 Qxc5 17.Rae1 Be6 18.Kh1 f6 19.f4 Rad8 20.fxe5 Nxe5 21.Bh7+ Kh8 22.Rf4 Bg8
23.Bf5 Be6 24.b4 Bxf5 25.Qxf5 axb4 26.axb4 Qc6 27.Rh4 Qe6 28.Qc2 Nxc4 29.Bd4 c6
30.h3 Ne5 31.Rf1 Rd5 32.Rf5 Nf7 33.Rf1 Rg5 34.Rhf4 Ne5 35.R1f2 Ra8 36.Qb2 Kg8
37.Qc3  1/2-1/2

[Event "Chicago Open"]
[Site "Wheeling USA"]
[Date "2011.05.30"]
[Round "9"]
[White "Stopa,Ja"]
[Black "Lenderman,A"]
[Result "1/2-1/2"]
[WhiteElo "2460"]
[BlackElo "2548"]

1.d4 Nf6 2.c4 e6 3.Nf3 Bb4+ 4.Nbd2 O-O 5.g3 d5 6.Bg2 dxc4 7.Qc2 Nc6 8.Qxc4 Qd5
9.O-O Bxd2 10.Qxd5 exd5 11.Bxd2 Bf5 12.Bf4 Rac8 13.Rfc1 Be4 14.e3 h6 15.Ne5 Nxe5
16.Bxe5 Bxg2 17.Kxg2 Ne8 18.g4 c6 19.b4 f6 20.Bg3 Nc7 21.a4 a6 22.Rc2 Na8
23.b5 Nb6 24.bxa6 bxa6 25.Rb2 Nc4 26.Rb7 Rf7 27.Rab1 Rcf8 28.Rxf7 Rxf7 29.Rb8+ Rf8
30.Rb7 Rf7  1/2-1/2

[Event "29th Liechtenstein Open"]
[Site "Triesen LIE"]
[Date "2011.06.03"]
[Round "8.2"]
[White "Likavsky,T"]
[Black "Miezis,N"]
[Result "1-0"]
[WhiteElo "2484"]
[BlackElo "2542"]

1.d4 Nf6 2.c4 e6 3.Nf3 Bb4+ 4.Nbd2 b6 5.a3 Bxd2+ 6.Qxd2 Bb7 7.e3 O-O 8.Be2 d5
9.cxd5 Bxd5 10.b4 c5 11.O-O Nbd7 12.Bb2 Ne4 13.Qc2 cxd4 14.Bxd4 Rc8 15.Qb2 f6
16.Nd2 Nd6 17.Rac1 Qe7 18.Rxc8 Rxc8 19.Rc1 e5 20.Rxc8+ Nxc8 21.Bc3 Nd6 22.b5 Qe6
23.h3 Nc4 24.Qc1 Nxd2 25.Bxd2 Nf8 26.Bb4 Qd7 27.Qd2 Be6 28.Qc2 Ng6 29.Qc6 Kf7
30.Qa8 Qc7 31.Bh5 Bc8 32.Qd5+ Be6 33.Qa8 Bc8 34.Kh2 f5 35.Qd5+ Be6 36.Qd6 Qxd6
37.Bxd6 Kf6 38.Bb8 Nf8 39.Bxa7 g6 40.Be2 Nd7 41.f4 Bb3 42.g4 e4 43.gxf5 gxf5
44.Kg3 h6 45.Kh4 Bc2 46.Bh5 Ba4 47.Be8 Bxb5 48.Bxb6 Nxb6 49.Bxb5 Nd5 50.a4  1-0

[Event "3rd Orissa Open"]
[Site "Bhubaneswar IND"]
[Date "2011.06.05"]
[Round "10"]
[White "Gupta,Ab"]
[Black "Lalith,B"]
[Result "1-0"]
[WhiteElo "2604"]
[BlackElo "2491"]

1.d4 Nf6 2.c4 e6 3.Nf3 Bb4+ 4.Nbd2 O-O 5.a3 Bxd2+ 6.Bxd2 b6 7.Bg5 Bb7 8.e3 d6
9.Bd3 Nbd7 10.O-O Qc8 11.Nd2 c5 12.Rc1 Bc6 13.b4 a6 14.Qc2 h6 15.Bh4 Qc7
16.Rfd1 Rfc8 17.f3 Qa7 18.Bf2 cxd4 19.exd4 a5 20.Qb1 axb4 21.axb4 Qa2 22.Bg3 e5
23.Bf5 Qxb1 24.Nxb1 Ba4 25.Rd2 g6 26.dxe5 dxe5 27.Bh3 Rc7 28.Ra2 Bc6 29.Rxa8+ Bxa8
30.Na3 Bc6 31.Bf2 Ba4 32.Be3 Kg7 33.f4 exf4 34.Bxf4 Ra7 35.Be3 g5 36.Bf5 Bc6
37.Nb5 Ra2 38.Bf2 Bxb5 39.cxb5 Rd2 40.Rf1 Rd5 41.Be1 Rxb5 42.Bc3 Kg8 43.g4 Rd5
44.Ra1 h5 45.Ra8+ Kg7 46.h3 hxg4 47.hxg4 Ne5 48.Rb8 b5 49.Rb6 Ne8 50.Kf2 f6
51.Ke2 Nd6 52.Be6 Ne4 53.Rb7+ Kf8 54.Be1 Rd4 55.Ke3 Rd1 56.Kxe4 Rxe1+ 57.Kd5 Nd3
58.Kd6 Nf4 59.Bf5 Re5 60.Bd7 Nd3 61.Be6 Re1 62.Rxb5 Re4 63.Rb8+ Kg7 64.Rb7+ Kh8
65.Rb8+ Kg7 66.b5 Rd4+ 67.Kc6 Nf4 68.Rb7+ Kf8 69.Bf5 Nd3 70.b6 Ne5+ 71.Kc5 Rc4+
72.Kb5 Rc3 73.Rc7 Rb3+ 74.Kc5 Nf7 75.Be6  1-0

[Event "Djakovacki vezovi Open A"]
[Site "Djakovo CRO"]
[Date "2011.06.09"]
[Round "1.6"]
[White "Cebalo,M"]
[Black "Kristovic,M"]
[Result "1-0"]
[WhiteElo "2480"]
[BlackElo "2267"]

1.d4 Nf6 2.Nf3 e6 3.c4 Bb4+ 4.Nbd2 d5 5.a3 Be7 6.g3 O-O 7.Bg2 b6 8.O-O Bb7
9.b4 dxc4 10.Nxc4 a5 11.b5 c5 12.Bb2 Nbd7 13.Nfe5 Bxg2 14.Kxg2 Qc7 15.Nc6 Rfe8
16.Rc1 a4 17.Qd3 Bf8 18.Qf3 cxd4 19.Bxd4 Bc5 20.Bb2 Rac8 21.Rfd1 e5 22.g4 h6
23.h3 Re6 24.Ne3 e4 25.Qg3 Qxg3+ 26.Kxg3 Rce8 27.Nf5 Kh7 28.Rc4 Ra8 29.Kg2 g6
30.Ne3 g5 31.Nd5 Nxd5 32.Rxd5 Nf8 33.e3 Ng6 34.Rd7 Kg8 35.Kf1 Kf8 36.Nd4 Re7
37.Rxe7 Kxe7 38.Ne2 f6 39.Rxe4+ Kf7 40.Nc3 Ne5 41.Ke2 Nd7 42.Rxa4 Rc8 43.Ne4 Be7
44.Bd4 Rc2+ 45.Kd3 Ra2 46.Kc4 Ke6 47.Kb3 Re2 48.Rc4 Re1 49.Rc6+ Kf7 50.a4 Rb1+
51.Kc4 Rb4+ 52.Kd5 Rxa4 53.Nd6+ Bxd6 54.Kxd6  1-0

[Event "Teplice Open"]
[Site "Teplice CZE"]
[Date "2011.06.11"]
[Round "1"]
[White "Sergeev,Vl"]
[Black "Kudela,S"]
[Result "1-0"]
[WhiteElo "2507"]
[BlackElo "1965"]

1.d4 Nf6 2.c4 e6 3.Nf3 Bb4+ 4.Nbd2 d5 5.g3 O-O 6.Bg2 Ne4 7.O-O Nxd2 8.Bxd2 Bxd2
9.Qxd2 Nd7 10.Rac1 a5 11.Qf4 c6 12.e4 dxe4 13.Qxe4 Qf6 14.Rfd1 Qf5 15.Qxf5 exf5
16.d5 c5 17.d6 Re8 18.Re1 Rxe1+ 19.Rxe1 Kf8 20.Ne5 Nf6 21.Rd1 Ke8 22.Bd5 Nxd5
23.Rxd5 Bd7 24.Rxc5 f6 25.Nxd7 Kxd7 26.Rc7+ Kxd6 27.Rxg7 b6 28.Rxh7 Rc8 29.Rf7 Rxc4
30.Rxf6+ Kc5 31.Rxf5+ Kc6 32.Rf3 Kd5 33.Rb3 Rc6 34.Rb5+ Kc4 35.a4  1-0

[Event "Teplice Open"]
[Site "Teplice CZE"]
[Date "2011.06.15"]
[Round "5"]
[White "Klement,L"]
[Black "Kudela,S"]
[Result "1-0"]
[WhiteElo "2238"]
[BlackElo "1965"]

1.d4 Nf6 2.c4 e6 3.Nf3 Bb4+ 4.Nbd2 d5 5.g3 O-O 6.Bg2 Re8 7.O-O b6 8.Qa4 Bf8
9.b4 Bb7 10.Bb2 a5 11.b5 dxc4 12.Ne5 Bxg2 13.Kxg2 h5 14.Qxc4 Qd5+ 15.f3 Rc8
16.Rac1 Nbd7 17.Nc6 Qg5 18.Qd3 Nd5 19.f4 Qh6 20.h4 N7f6 21.a3 Ng4 22.Rf3 Bd6
23.Rcf1 Re8 24.e4 Ne7 25.e5 Nxc6 26.exd6 Nb8 27.dxc7 Nd7 28.Rc1 Rec8 29.Rc6 Ra7
30.Qc3 Ngf6 31.f5 Nd5 32.Qd3 Raxc7 33.fxe6 fxe6 34.Rxc7 Rxc7 35.Ne4 N7f6
36.Ng5 Ng4 37.Kg1 Re7 38.Qc2 Rc7 39.Qd3 Re7 40.Qe4 Ngf6 41.Qd3 Ng4 42.Bc1 g6
43.Bf4 Nxf4 44.Rxf4 Qg7 45.Qc4 Nf6 46.Nxe6 Qf7 47.d5 Re8 48.Qf1 Rxe6 49.dxe6 Qxe6
50.Rxf6 Qe3+ 51.Qf2 Qc1+ 52.Kh2 Qc8 53.Rxg6+  1-0

[Event "V4 IM/WGM tournament Liptov 2011"]
[Site "Liptovsky Mikulas SVK"]
[Date "2011.06.23"]
[Round "1"]
[White "Druska,J"]
[Black "Jacko,V2"]
[Result "1-0"]
[WhiteElo "2293"]
[BlackElo "2156"]

1.Nf3 Nf6 2.c4 e6 3.d4 Bb4+ 4.Nbd2 d5 5.e3 O-O 6.Bd3 Nbd7 7.O-O c6 8.a3 Bd6
9.e4 dxe4 10.Nxe4 Nxe4 11.Bxe4 h6 12.Bd2 Nf6 13.Bc2 c5 14.Bc3 cxd4 15.Nxd4 a6
16.Qd3 e5 17.Nf5 Bxf5 18.Qxf5 Qc8 19.Rad1 Qxf5 20.Bxf5 Bc7 21.Rd2 Rad8 22.Re2 g6
23.Bc2 Nd7 24.Rd1 Nc5 25.Rde1 Rfe8 26.f4 e4 27.Bxe4 Bxf4 28.Bd5 Rxe2 29.Rxe2 b5
30.Re7 bxc4 31.Bxc4 Rd1+ 32.Kf2 g5 33.Re8+ Kh7 34.Bxf7  1-0

[Event "ch-Commonwealth RSA-Open"]
[Site "Ekurhuleni RSA"]
[Date "2011.06.24"]
[Round "11"]
[White "Bhawoodien,Mohamed Ozayr"]
[Black "Goosen,A"]
[Result "1/2-1/2"]
[WhiteElo "1859"]
[BlackElo "2182"]

1.d4 Nf6 2.c4 e6 3.Nf3 Bb4+ 4.Nbd2 O-O 5.a3 Be7 6.e4 d5 7.cxd5 exd5 8.e5 Ne4
9.Bd3 f5 10.exf6 Bxf6 11.Qb3 Nxd2 12.Bxd2 Re8+ 13.Be3 Nc6 14.O-O-O Bg4 15.Qc2 h6
16.h3 Bxf3 17.gxf3 Bg5 18.f4 Bf6 19.Rhg1 Qd6 20.Bf1 Ne7 21.Rg3 Qc6 22.Bd3 Qxc2+
23.Bxc2 Kf7 24.Re1 Rad8 25.Rg2 b6 26.f3 Rd6 27.f5 Rh8 28.Bf4 Bg5 29.Bxg5 hxg5
30.Rxg5 Rxh3 31.Reg1 Rh7 32.Rg6 Rf6 33.Re1 Rh3 34.Rg5 Kf8 35.Reg1 Rf7 36.Rf1 Rh6
37.Re1 Rhf6 38.Re5 c6 39.Kd2 Rh6 40.Rg2 Rh4 41.Ke3 Rh5 42.f6 Rxe5+ 43.dxe5 gxf6
44.e6 Rg7 45.Rh2 Ng6 46.f4 Ne7 47.Rh6 Ng8 48.Rh8 Ke7 49.f5 Kd6 50.Kf4 c5
51.Bd1 c4  1/2-1/2

[Event "TCh-SUI 2011"]
[Site "Switzerland SUI"]
[Date "2011.06.26"]
[Round "5.1"]
[White "Sermier,G"]
[Black "Riff,JN"]
[Result "1/2-1/2"]
[WhiteElo "2421"]
[BlackElo "2505"]

1.d4 Nf6 2.Nf3 e6 3.c4 Bb4+ 4.Nbd2 b6 5.a3 Bxd2+ 6.Qxd2 Bb7 7.g3 d6 8.Bg2 Nbd7
9.O-O O-O 10.b4 a5 11.Bb2 Qe7 12.Rfd1 Rfe8 13.Qc2 axb4  1/2-1/2

[Event "2nd Big Slick IM"]
[Site "London ENG"]
[Date "2011.06.28"]
[Round "4"]
[White "Croad,N"]
[Black "Gormally,D"]
[Result "1/2-1/2"]
[WhiteElo "2276"]
[BlackElo "2502"]

1.d4 Nf6 2.c4 e6 3.Nf3 Bb4+ 4.Nbd2 b6 5.g3 Bb7 6.Bg2 O-O 7.O-O Bxd2 8.Qxd2 Be4
9.b3 d6 10.Bb2 Nbd7 11.Bh3 Bxf3 12.exf3 d5 13.Rfe1 c6 14.Qc2 Rc8 15.f4 g6
16.c5 a5 17.a3 b5 18.Bg2 Qc7 19.Bf3 Ne8 20.Bc3 Ng7 21.Qd2 Ra8  1/2-1/2

[Event "TCh-TUR 2011"]
[Site "Konya TUR"]
[Date "2011.06.30"]
[Round "3"]
[White "Nyzhnyk,I"]
[Black "Paichadze,L"]
[Result "1/2-1/2"]
[WhiteElo "2583"]
[BlackElo "2489"]

1.d4 Nf6 2.c4 e6 3.Nf3 Bb4+ 4.Nbd2 O-O 5.a3 Bxd2+ 6.Qxd2 b6 7.g3 Bb7 8.Bg2 d6
9.O-O Qe7 10.b4 a5 11.b5 Nbd7 12.Bb2 Ne4 13.Qc2 f5 14.d5 Ndc5 15.Nd4 e5 16.Nxf5 Rxf5
17.Bxe4 Nxe4 18.Qxe4 Qf7 19.f4 Qg6 20.e3 Re8 21.Qg2 exf4 22.exf4 Rff8 23.Qd2 Bc8
24.Rfe1 h5 25.Qd4 h4 26.f5 Bxf5 27.Qxh4 Bg4 28.Re7 Rxe7 29.Qxe7 Rf7 30.Qe3 Kh7  1/2-1/2